|
|
|
|
| LEADER |
01857nam a2200409 i 4500 |
| 001 |
EBC5108583 |
| 003 |
MiAaPQ |
| 005 |
20200109094150.0 |
| 006 |
m o d | |
| 007 |
cr cnu|||||||| |
| 008 |
200109s2018 nyua o 001 0 eng d |
| 020 |
|
|
|z 9781946646309
|
| 020 |
|
|
|a 9781946646323 (e-book)
|
| 035 |
|
|
|a (MiAaPQ)EBC5108583
|
| 035 |
|
|
|a (Au-PeEL)EBL5108583
|
| 035 |
|
|
|a (CaPaEBR)ebr11465208
|
| 035 |
|
|
|a (OCoLC)1009241535
|
| 040 |
|
|
|a MiAaPQ
|b eng
|e rda
|e pn
|c MiAaPQ
|d MiAaPQ
|
| 050 |
|
4 |
|a TK7872.C77
|b .A773 2018
|
| 082 |
0 |
|
|a 621.381
|2 23
|
| 100 |
1 |
|
|a Arpaia, Pasquale,
|e author.
|
| 245 |
1 |
0 |
|a Cryogenic systems :
|b advanced monitoring, fault diagnostics, and predictive maintenance /
|c Pasquale Arpaia [and three others].
|
| 264 |
|
1 |
|a New York, New York :
|b Momentum Press Engineering,
|c [2018]
|
| 264 |
|
4 |
|c 2018
|
| 300 |
|
|
|a 1 online resource (174 pages) :
|b illustrations.
|
| 336 |
|
|
|a text
|b txt
|2 rdacontent
|
| 337 |
|
|
|a computer
|b c
|2 rdamedia
|
| 338 |
|
|
|a online resource
|b cr
|2 rdacarrier
|
| 490 |
0 |
|
|a Emerging technology in measurement, instrumentation, and sensors collection
|
| 500 |
|
|
|a Includes index.
|
| 588 |
|
|
|a Description based on print version record.
|
| 590 |
|
|
|a Electronic reproduction. Ann Arbor, MI : ProQuest, 2018. Available via World Wide Web. Access may be limited to ProQuest affiliated libraries.
|
| 650 |
|
0 |
|a Cryoelectronics.
|
| 655 |
|
4 |
|a Electronic books.
|
| 776 |
0 |
8 |
|i Print version:
|a Arpaia, Pasquale.
|t Cryogenic systems : advanced monitoring, fault diagnostics, and predictive maintenance.
|d New York, New York : Momentum Press Engineering, c2018
|h 174 pages
|k Emerging technology in measurement, instrumentation, and sensors collection
|z 9781946646309
|
| 797 |
2 |
|
|a ProQuest (Firm)
|
| 856 |
4 |
0 |
|u https://ebookcentral.proquest.com/lib/matrademy/detail.action?docID=5108583
|z Click to View
|